<?xml version="1.0" encoding="UTF-8"?>
<record
    xmlns:xsi="http://www.w3.org/2001/XMLSchema-instance"
    xsi:schemaLocation="http://www.loc.gov/MARC21/slim http://www.loc.gov/standards/marcxml/schema/MARC21slim.xsd"
    xmlns="http://www.loc.gov/MARC21/slim">

  <leader>00197nam a2200085   4500</leader>
  <controlfield tag="001">1256728</controlfield>
  <controlfield tag="005">20260105140411.0</controlfield>
  <datafield tag="245" ind1=" " ind2=" ">
    <subfield code="a">ROSROS &#x130;LE ZENZEN</subfield>
    <subfield code="c">F&#x130;L&#x130;Z &#xD6;ZDEM</subfield>
  </datafield>
  <datafield tag="260" ind1=" " ind2=" ">
    <subfield code="b">YAPI KRED&#x130; YAYINLARI</subfield>
  </datafield>
  <datafield tag="999" ind1=" " ind2=" ">
    <subfield code="c">1256728</subfield>
    <subfield code="d">1256728</subfield>
  </datafield>
  <datafield tag="952" ind1=" " ind2=" ">
    <subfield code="0">0</subfield>
    <subfield code="1">0</subfield>
    <subfield code="2">ddc</subfield>
    <subfield code="4">0</subfield>
    <subfield code="7">0</subfield>
    <subfield code="a">1057</subfield>
    <subfield code="b">1057</subfield>
    <subfield code="d">2026-01-05</subfield>
    <subfield code="l">0</subfield>
    <subfield code="o">L1</subfield>
    <subfield code="p">10572305</subfield>
    <subfield code="r">2026-01-05 14:04:25</subfield>
    <subfield code="w">2026-01-05</subfield>
    <subfield code="y">BK</subfield>
  </datafield>
</record>
